Gilligan's Island Theme Song Lyrics (Intro) - Statistics

General Stats
  • This quiz has been taken 1,578 times
  • The average score is 87 of 115
Answer Stats
Lyric % Correct
a
99%
A
99%
The
96%
the
96%
and
95%
star,
92%
Gilligan,
91%
skipper
91%
Skipper
91%
on
90%
ship.
88%
ship
88%
movie
86%
wife.
86%
Mary
85%
of
85%
professor
85%
Ann.
84%
his
84%
hour
84%
isle,
84%
Isle.
84%
three
84%
Here
82%
tour.
82%
millionaire,
81%
tale,
81%
tale
81%
Gilligans
80%
was
78%
right
76%
sit
75%
too.
75%
be
73%
lost.
73%
started
72%
tiny
72%
trip.
72%
back
71%
for
71%
hear
71%
Minnow
70%
sail
70%
this
70%
crew,
68%
That
68%
that
68%
would
68%
fateful
67%
Just
67%
tossed.
65%
you'll
65%
If
64%
getting
63%
not
63%
rough,
63%
weather
61%
set
60%
brave
58%
desert
58%
fearless
58%
with
58%
mate
57%
aboard
56%
day,
56%
mighty
54%
courage
52%
man,
52%
shore
50%
sure.
49%
tropic
46%
port
45%
from
43%
passengers
42%
Five
41%
sailing
38%
uncharted
38%
ground
34%
No matching quizzes found
Score Distribution
Percent of People with Each Score
Percentile by Number Answered
Your Score History
You have not taken this quiz